| 000 | 00519nam a22001817a 4500 | ||
|---|---|---|---|
| 999 |
_c190922 _d190922 |
||
| 005 | 20220811110331.0 | ||
| 010 | _aENG-134395 | ||
| 020 |
_a9788130933719 _c295.00 |
||
| 035 | _aEN-117927 | ||
| 037 | _bDBAD/PUB | ||
| 082 | _a448.2421 | ||
| 100 | _aAdrienne | ||
| 245 |
_aFrench in 32 Lessons/ _cAdrienne |
||
| 260 |
_aNew Delhi _bViva Books Private Limited _c2018 |
||
| 270 |
_a4737/23 Ansari Road, Daryaganj _bNew Delhi _e110002 |
||
| 300 |
_a220p. _c21cm(pbk) |
||
| 942 |
_2ddc _cEN _h448.2421 _mADR |
||